[Event "HUN-chT2 Charousek 1516"]
[Site "Hungary"]
[Date "2015.12.06"]
[Round "4.10"]
[White "Ivan, Zoltan"]
[Black "Berta, Tibor"]
[Result "1-0"]
[WhiteElo "2139"]
[BlackElo "2099"]
[PlyCount "97"]
[EventDate "2015.10.18"]
[EventType "team-tourn"]
[EventRounds "9"]
[EventCountry "HUN"]
[SourceTitle "CBM 170 Extra"]
[Source "ChessBase"]
[SourceDate "2016.02.25"]
[SourceVersion "1"]
[SourceVersionDate "2016.02.25"]
[SourceQuality "1"]
[WhiteTeam "Komlo"]
[BlackTeam "Paks ASE II"]
[WhiteTeamCountry "HUN"]
[BlackTeamCountry "HUN"]

1. d4 Nf6 2. c4 e6 3. Nf3 b6 4. g3 Bb7 5. Bg2 Be7 6. 0-0 0-0 7. Nc3 Ne4 8. Qc2 Nxc3 9. Qxc3 f5 10. Rd1 Bf6 11. Be3 Qe7 12. Rac1 d6 13. b4 Nd7 14. Qb3 Be4 15. Bh3 a5 16. b5 Rad8 17. Nd2 Ba8 18. f4 g6 19. Bf2 Kh8 20. Qa3 Qg7 21. Nf3 Be4 22. Bg2 Rfe8 23. c5 dxc5 24. dxc5 Bxf3 25. Qxf3 Nxc5 26. Qc6 Ne4 27. Bxe4 fxe4 28. Qxe4 Qe7 29. Rxd8 Rxd8 30. Rc6 Rd6 31. Kg2 Kg7 32. g4 Kf7 33. g5 Bg7 34. h4 Qd7 35. Rc4 Rd5 36. Qc2 c5 37. bxc6 Qc7 38. Bxb6 Qc8 39. c7 Rb5 40. Rc6 Bf8 41. Qc4 Rd5 42. e4 Rd6 43. Kf3 Ke8 44. Rxd6 Bxd6 45. Bxa5 e5 46. Qg8+ Bf8 47. f5 gxf5 48. Bb4 fxe4+ 49. Kg3 1-0

[Event "HUN-chT2 Charousek 1314"]
[Site "Hungary"]
[Date "2013.10.20"]
[Round "3"]
[White "Biro, Sandor"]
[Black "Ivan, Zoltan"]
[Result "1-0"]
[WhiteElo "2270"]
[BlackElo "2174"]
[PlyCount "109"]
[EventDate "2013.09.08"]
[EventType "team-tourn"]
[EventRounds "11"]
[EventCountry "HUN"]
[SourceTitle "EXT 2016"]
[Source "ChessBase"]
[SourceDate "2015.10.08"]
[SourceVersion "1"]
[SourceVersionDate "2015.10.08"]
[SourceQuality "1"]
[WhiteTeam "Alsoszolnok"]
[BlackTeam "Komlo Banyasz"]
[WhiteTeamCountry "HUN"]
[BlackTeamCountry "HUN"]

1. e4 e5 2. Nc3 Nc6 3. Nf3 Nf6 4. a3 d5 5. Bb5 d4 6. Ne2 Bd6 7. d3 0-0 8. c3 Bg4 9. Bxc6 bxc6 10. cxd4 Bxf3 11. gxf3 exd4 12. f4 Ng4 13. Ng3 Qh4 14. Qf3 g6 15. h3 Nh6 16. f5 Rae8 17. Kf1 c5 18. Bd2 f6 19. b4 Nf7 20. bxc5 Bxc5 21. Rc1 Bb6 22. Kg2 Ne5 23. Qe2 c5 24. f4 Nd7 25. fxg6 hxg6 26. Qg4 Qxg4 27. hxg4 Kg7 28. Kf3 Rh8 29. a4 Rxh1 30. Nxh1 Rh8 31. a5 Bc7 32. Rb1 Rb8 33. Rxb8 Nxb8 34. e5 fxe5 35. fxe5 Bxe5 36. Ke4 Kf6 37. Kd5 Nd7 38. Nf2 Ke7 39. Ne4 Bh2 40. Bg5+ Kf7 41. Nxc5 Ne5 42. a6 Nxg4 43. Kc6 Ne3 44. Bd8 Nc2 45. Ba5 Na3 46. Ne4 Ke6 47. Ng5+ Kf5 48. Nf3 Be5 49. Bb4 Nc2 50. Bc5 Kf4 51. Nxe5 Kxe5 52. Bxa7 Nb4+ 53. Kb5 Nxa6 54. Kxa6 g5 55. Kb5 1-0

[Event "HUN-chT2 Asztalos 1112"]
[Site "Hungary"]
[Date "2012.01.29"]
[Round "5.2"]
[White "Kele, Janos"]
[Black "Ivan, Zoltan"]
[Result "1-0"]
[WhiteElo "2085"]
[BlackElo "2162"]
[PlyCount "69"]
[EventDate "2011.09.25"]
[EventType "team-tourn"]
[EventRounds "11"]
[EventCountry "HUN"]
[SourceTitle "EXT 2013"]
[Source "ChessBase"]
[SourceDate "2012.11.22"]
[SourceVersion "1"]
[SourceVersionDate "2012.11.22"]
[SourceQuality "1"]
[WhiteTeam "Kaposvar Bastya"]
[BlackTeam "Komlo"]
[WhiteTeamCountry "HUN"]
[BlackTeamCountry "HUN"]

1. e4 d5 2. exd5 Qxd5 3. Nc3 Qd6 4. d4 Nf6 5. Nge2 a6 6. Bf4 Qd8 7. Qd2 e6 8. Rd1 Nbd7 9. Ng3 Be7 10. Be2 0-0 11. 0-0 Kh8 12. Rfe1 Nb6 13. Nge4 Nbd5 14. Bg3 Bd7 15. Bf3 Bc6 16. Nxf6 Bxf6 17. Ne4 Be7 18. c4 Nf6 19. d5 exd5 20. Nxf6 Bxf6 21. cxd5 Bd7 22. d6 c6 23. Be5 Re8 24. Bxf6 Qxf6 25. Re7 Rad8 26. Rde1 Rf8 27. Qb4 b5 28. Qc5 h6 29. b4 Kg8 30. Rd1 Be8 31. d7 Bxd7 32. Rexd7 Rxd7 33. Rxd7 Qa1+ 34. Rd1 Qxa2 35. Qxc6 1-0

[Event "HUN-chT2 Asztalos 1112"]
[Site "Hungary"]
[Date "2011.09.25"]
[Round "1.2"]
[White "Arato, Bela"]
[Black "Ivan, Zoltan"]
[Result "0-1"]
[WhiteElo "2122"]
[BlackElo "2162"]
[PlyCount "58"]
[EventDate "2011.09.25"]
[EventType "team-tourn"]
[EventRounds "11"]
[EventCountry "HUN"]
[SourceTitle "EXT 2013"]
[Source "ChessBase"]
[SourceDate "2012.11.22"]
[SourceVersion "1"]
[SourceVersionDate "2012.11.22"]
[SourceQuality "1"]
[WhiteTeam "Mohacs"]
[BlackTeam "Komlo"]
[WhiteTeamCountry "HUN"]
[BlackTeamCountry "HUN"]

1. e4 e5 2. Nf3 Nc6 3. Bb5 a6 4. Ba4 Nf6 5. d4 exd4 6. 0-0 Be7 7. Re1 0-0 8. e5 Ne8 9. c3 b5 10. Bb3 d5 11. Nxd4 Nxd4 12. cxd4 Be6 13. Nc3 c6 14. Qd3 g6 15. Bh6 Ng7 16. Ne2 Re8 17. Nf4 Bf5 18. Qg3 Ne6 19. Nxe6 Bxe6 20. Rac1 Rc8 21. Bc2 c5 22. f4 Bh4 23. Qf3 Bxe1 24. f5 Qh4 25. fxe6 fxe6 26. Be3 Rf8 27. Qe2 cxd4 28. Rxe1 Rxc2 29. Bg5 Rxe2 0-1

[Event "HUN-chT2 Asztalos 1011"]
[Site "Hungary"]
[Date "2010.10.10"]
[Round "3.1"]
[White "Ivan, Zoltan"]
[Black "Vrban, Mladen"]
[Result "0-1"]
[WhiteElo "2190"]
[BlackElo "2327"]
[PlyCount "148"]
[EventDate "2010.09.12"]
[EventType "team-tourn"]
[EventRounds "11"]
[EventCountry "HUN"]
[SourceTitle "EXT 2012"]
[Source "ChessBase"]
[SourceDate "2011.11.24"]
[SourceVersion "1"]
[SourceVersionDate "2011.11.24"]
[SourceQuality "1"]
[WhiteTeam "Komlo"]
[BlackTeam "Nagyatad"]
[WhiteTeamCountry "HUN"]
[BlackTeamCountry "HUN"]

1. Nf3 g6 2. g3 Bg7 3. Bg2 f5 4. 0-0 e5 5. d3 d6 6. Nbd2 Nh6 7. c3 0-0 8. b4 g5 9. Qb3+ Nf7 10. Nc4 Kh8 11. a4 Qf6 12. Bd2 Be6 13. Qc2 Nc6 14. b5 Ne7 15. a5 Rac8 16. Ra4 Bd7 17. Rb4 c5 18. Rbb1 d5 19. Na3 h6 20. c4 d4 21. Ne1 Nd6 22. f4 exf4 23. gxf4 g4 24. e4 dxe3 25. Bxe3 Ng6 26. Qf2 b6 27. Nac2 Rfe8 28. axb6 axb6 29. Bc1 Qf8 30. Bb2 Bxb2 31. Rxb2 Qg7 32. Ra2 Be6 33. Ne3 Nxb5 34. Nxf5 Bxf5 35. cxb5 Rcd8 36. Ra6 Re6 37. Bc6 Rb8 38. Ra4 Rd6 39. Be4 Rf8 40. Ng2 Bd7 41. Ra7 Qf6 42. f5 Ne5 43. Nf4 Bxb5 44. Ng6+ Nxg6 45. fxg6 Qxf2+ 46. Rxf2 Rxf2 47. Kxf2 Rd7 48. Ra8+ Kg7 49. Bf5 Rb7 50. Be4 Re7 51. Rb8 c4 52. Rxb6 cxd3 53. Rxb5 Rxe4 54. Rd5 Re2+ 55. Kg3 d2 56. Rd6 h5 57. Kh4 Kh6 58. g7+ Kxg7 59. Kxh5 Rg2 60. Kh4 Kf7 61. h3 Ke7 62. Rd3 Kf6 63. hxg4 Ke5 64. g5 Kf5 65. Rd5+ Kf4 66. Rd4+ Ke3 67. Rd8 Ke2 68. Kh5 Rg3 69. Rxd2+ Kxd2 70. g6 Ke3 71. Kh6 Kf4 72. g7 Kf5 73. Kh7 Kf6 74. Kh8 Kf7 0-1

[Event "HUN-chT2 Asztalos 0910"]
[Site "Hungary"]
[Date "2010.04.18"]
[Round "10"]
[White "Ivan, Zoltan"]
[Black "Straubinger, Daniel"]
[Result "0-1"]
[WhiteElo "2220"]
[BlackElo "2168"]
[PlyCount "108"]
[EventDate "2009.11.08"]
[EventType "team-tourn"]
[EventRounds "11"]
[EventCountry "HUN"]
[SourceTitle "EXT 2011"]
[Source "ChessBase"]
[SourceDate "2010.11.26"]
[SourceVersion "1"]
[SourceVersionDate "2010.11.26"]
[SourceQuality "1"]
[WhiteTeam "Komlo"]
[BlackTeam "Decs II"]
[WhiteTeamCountry "HUN"]
[BlackTeamCountry "HUN"]

1. d4 d5 2. c4 c6 3. Nf3 Nf6 4. Nc3 dxc4 5. a4 Bf5 6. e3 e6 7. Bxc4 Bb4 8. 0-0 Nbd7 9. Qe2 0-0 10. e4 Bg6 11. e5 Nd5 12. Bg5 Qa5 13. Nxd5 cxd5 14. Bb5 Nb8 15. Nd2 a6 16. Nb3 Qb6 17. Bd3 Nc6 18. Bxg6 hxg6 19. Qd3 Rac8 20. Rfd1 Rc7 21. h4 Ne7 22. g3 Rfc8 23. Kg2 Kf8 24. Rac1 Rxc1 25. Rxc1 Rxc1 26. Nxc1 Nc6 27. Ne2 Be7 28. Bc1 Kg8 29. Qc2 Bf8 30. Be3 Qb4 31. Kf3 Be7 32. Kg2 Bd8 33. Nf4 Bb6 34. Ne2 Bxd4 35. Nxd4 Nxd4 36. Qc8+ Kh7 37. Bxd4 Qxd4 38. Qxb7 Qxa4 39. Qxf7 Qe4+ 40. Kg1 Qxe5 41. Qb7 Qe2 42. Qb6 Qe1+ 43. Kg2 a5 44. Qd4 Qe2 45. Kg1 Qc4 46. Qe5 Qg4 47. Qc3 a4 48. Qe5 d4 49. Kg2 d3 50. f3 Qc4 51. h5 d2 52. Qg5 Qe2+ 53. Kh3 Qf1+ 54. Kg4 Qd3 0-1

[Event "HUN-chT2 Asztalos 0910"]
[Site "Hungary"]
[Date "2009.12.06"]
[Round "3"]
[White "Vrban, Mladen"]
[Black "Ivan, Zoltan"]
[Result "1-0"]
[WhiteElo "2302"]
[BlackElo "2220"]
[PlyCount "107"]
[EventDate "2009.11.08"]
[EventType "team-tourn"]
[EventRounds "11"]
[EventCountry "HUN"]
[SourceTitle "EXT 2011"]
[Source "ChessBase"]
[SourceDate "2010.11.26"]
[SourceVersion "1"]
[SourceVersionDate "2010.11.26"]
[SourceQuality "1"]
[WhiteTeam "Nagyatad"]
[BlackTeam "Komlo"]
[WhiteTeamCountry "HUN"]
[BlackTeamCountry "HUN"]

1. e4 d5 2. exd5 Nf6 3. Bb5+ Bd7 4. Be2 Nxd5 5. d4 Bf5 6. c4 Nb6 7. Be3 e6 8. Nf3 Be7 9. 0-0 0-0 10. Qb3 Qc8 11. Nc3 Nc6 12. Rac1 a6 13. a3 Nd7 14. Rfd1 Rd8 15. Qa2 Bf6 16. b4 Ne7 17. Nd2 h6 18. Nde4 Bxe4 19. Nxe4 Nf5 20. Nxf6+ Nxf6 21. Bf3 Nxe3 22. fxe3 c6 23. e4 Qc7 24. Qf2 a5 25. b5 cxb5 26. e5 Nd7 27. cxb5 Qb6 28. a4 Rac8 29. Qe3 Rc7 30. Rxc7 Qxc7 31. Rc1 Qb8 32. Qc3 Qa7 33. Kf1 b6 34. Qc7 Qb8 35. Ke2 Nf8 36. Ke3 g6 37. Be4 Kg7 38. Qxb8 Rxb8 39. Rc7 Kg8 40. d5 Rd8 41. d6 Nd7 42. Kd4 f6 43. exf6 e5+ 44. Kd5 Nxf6+ 45. Kxe5 Nxe4 46. Kxe4 Rxd6 47. Rc6 Rd2 48. Rxg6+ Kh7 49. Rg3 Ra2 50. Kd5 Rxa4 51. Kc6 Rb4 52. Kxb6 a4 53. Ka5 Rh4 54. b6 1-0

[Event "HUN-chT2 Asztalos 0809"]
[Site "Hungary"]
[Date "2008.11.02"]
[Round "2"]
[White "Horvath, Jozsef2222"]
[Black "Ivan, Zoltan"]
[Result "1/2-1/2"]
[WhiteElo "2193"]
[BlackElo "2220"]
[PlyCount "33"]
[EventDate "2008.10.26"]
[EventType "team-tourn"]
[EventRounds "11"]
[EventCountry "HUN"]
[SourceTitle "EXT 2010"]
[Source "ChessBase"]
[SourceDate "2010.11.25"]
[SourceVersion "1"]
[SourceVersionDate "2010.11.25"]
[SourceQuality "1"]
[WhiteTeam "Mohacs"]
[BlackTeam "Komlo"]
[WhiteTeamCountry "HUN"]
[BlackTeamCountry "HUN"]

1. d4 d5 2. c4 c6 3. Nc3 Nf6 4. e3 e6 5. Nf3 Nbd7 6. Bd3 dxc4 7. Bxc4 b5 8. Bd3 b4 9. Ne4 Nxe4 10. Bxe4 Bb7 11. 0-0 Qb6 12. b3 Bd6 13. Bb2 0-0 14. Nd2 Qc7 15. h3 Nf6 16. Bf3 Rfd8 17. Nc4 1/2-1/2

[Event "HUN-chT2 Asztalos 0708"]
[Site "Hungary"]
[Date "2008.05.18"]
[Round "11"]
[White "Kele, Karoly"]
[Black "Ivan, Zoltan"]
[Result "1/2-1/2"]
[WhiteElo "2146"]
[BlackElo "2195"]
[PlyCount "24"]
[EventDate "2007.10.14"]
[EventType "team"]
[EventRounds "11"]
[EventCountry "HUN"]
[SourceTitle "EXT 2009"]
[Source "ChessBase"]
[SourceDate "2008.11.26"]
[SourceVersion "1"]
[SourceVersionDate "2008.11.26"]
[SourceQuality "1"]
[WhiteTeam "Pannonpower II"]
[BlackTeam "Komlo Banyasz"]
[WhiteTeamCountry "HUN"]
[BlackTeamCountry "HUN"]

1. e4 e5 2. Nf3 Nc6 3. Bb5 a6 4. Ba4 Nf6 5. 0-0 b5 6. Bb3 Be7 7. Re1 0-0 8. c3 d6 9. h3 Bb7 10. d4 Re8 11. Ng5 Rf8 12. Nf3 Re8 1/2-1/2

[Event "HUN-chT2 Asztalos 0708"]
[Site "Hungary"]
[Date "2008.04.27"]
[Round "10"]
[White "Ivan, Zoltan"]
[Black "Papagorasz, Takisz"]
[Result "1/2-1/2"]
[WhiteElo "2195"]
[BlackElo "2233"]
[PlyCount "76"]
[EventDate "2007.10.14"]
[EventType "team"]
[EventRounds "11"]
[EventCountry "HUN"]
[SourceTitle "EXT 2009"]
[Source "ChessBase"]
[SourceDate "2008.11.26"]
[SourceVersion "1"]
[SourceVersionDate "2008.11.26"]
[SourceQuality "1"]
[WhiteTeam "Komlo Banyasz"]
[BlackTeam "Fehervar"]
[WhiteTeamCountry "HUN"]
[BlackTeamCountry "HUN"]

1. Nf3 Nf6 2. g3 c5 3. Bg2 d5 4. 0-0 Nc6 5. d4 cxd4 6. Nxd4 e6 7. c4 Bc5 8. Nb3 Be7 9. cxd5 Nxd5 10. Nc3 Nxc3 11. bxc3 Qxd1 12. Rxd1 Bd7 13. Be3 0-0-0 14. Bxc6 Bxc6 15. Bxa7 Rxd1+ 16. Rxd1 Rd8 17. Rxd8+ Bxd8 18. Bd4 f6 19. c4 e5 20. Bc3 Be7 21. f3 Bd7 22. Kf2 Be6 23. Nd2 b5 24. cxb5 Bc5+ 25. e3 Bxa2 26. f4 exf4 27. gxf4 Kb7 28. Ne4 Be7 29. Bd4 Bc4 30. b6 Bd5 31. Ng3 g6 32. f5 Bd8 33. fxg6 hxg6 34. h4 f5 35. h5 gxh5 36. Nxf5 Bxb6 37. Bxb6 Kxb6 38. Kg3 Kc5 1/2-1/2

[Event "HUN-chT2 Asztalos 0607"]
[Site "Hungary"]
[Date "2007.03.04"]
[Round "6"]
[White "Kele, Karoly"]
[Black "Ivan, Zoltan"]
[Result "1/2-1/2"]
[WhiteElo "2139"]
[BlackElo "2215"]
[PlyCount "60"]
[EventDate "2006.11.12"]
[EventType "team"]
[EventRounds "11"]
[EventCountry "HUN"]
[SourceTitle "EXT 2008"]
[Source "ChessBase"]
[SourceDate "2007.11.25"]
[SourceVersion "1"]
[SourceVersionDate "2007.11.25"]
[SourceQuality "1"]
[WhiteTeam "Pannonpower II"]
[BlackTeam "Komlo Banyasz"]
[WhiteTeamCountry "HUN"]
[BlackTeamCountry "HUN"]

1. e4 Nc6 2. Nf3 e5 3. Bb5 a6 4. Ba4 Nf6 5. 0-0 Be7 6. Re1 b5 7. Bb3 0-0 8. c3 d5 9. exd5 Nxd5 10. Nxe5 Nxe5 11. Rxe5 c6 12. g3 Bd6 13. Re1 Bh3 14. d4 Re8 15. Be3 Qd7 16. Bxd5 cxd5 17. Nd2 Bg4 18. f3 Bh5 19. Qe2 Re7 20. Qf1 Rae8 21. Bf2 Qf5 22. Rxe7 Rxe7 23. g4 Qf4 24. Bg3 Qxd2 25. Bxd6 Re6 26. gxh5 Rxd6 27. Qe1 Qg5+ 28. Qg3 Qe3+ 29. Qf2 Qg5+ 30. Qg3 Qxg3+ 1/2-1/2

[Event "HUN-chT2 Asztalos 0607"]
[Site "Hungary"]
[Date "2006.12.17"]
[Round "4"]
[White "Kiss, Lajos"]
[Black "Ivan, Zoltan"]
[Result "1/2-1/2"]
[WhiteElo "2178"]
[BlackElo "2215"]
[PlyCount "120"]
[EventDate "2006.11.12"]
[EventType "team"]
[EventRounds "11"]
[EventCountry "HUN"]
[SourceTitle "EXT 2008"]
[Source "ChessBase"]
[SourceDate "2007.11.25"]
[SourceVersion "1"]
[SourceVersionDate "2007.11.25"]
[SourceQuality "1"]
[WhiteTeam "Koppany"]
[BlackTeam "Komlo Banyasz"]
[WhiteTeamCountry "HUN"]
[BlackTeamCountry "HUN"]

1. d4 Nf6 2. Nc3 d5 3. Bg5 Bf5 4. Bxf6 gxf6 5. e3 c6 6. Bd3 Bg6 7. f4 f5 8. Nf3 Nd7 9. Ne2 e6 10. b3 Qa5+ 11. Qd2 Bb4 12. c3 Be7 13. 0-0 Nf6 14. h3 Bh5 15. c4 Bb4 16. Qc2 Bxf3 17. Rxf3 Ne4 18. a3 Rg8 19. Bxe4 fxe4 20. Rff1 Bd6 21. c5 Be7 22. b4 Qc7 23. a4 f5 24. b5 Kf7 25. Kf2 Rg7 26. g3 h5 27. h4 Rag8 28. Ke1 Rxg3 29. Nxg3 Rxg3 30. Ke2 Bxh4 31. Rg1 Kf6 32. Rxg3 Bxg3 33. Rg1 h4 34. Kd1 Qa5 35. bxc6 bxc6 36. Qb3 Qa6 37. Qc2 h3 38. Rh1 h2 39. Kc1 Qa5 40. Rxh2 Qe1+ 41. Kb2 Qb4+ 42. Kc1 Qa3+ 43. Kb1 Bxh2 44. Qxh2 Qb3+ 45. Ka1 Qxa4+ 46. Kb2 Qb5+ 47. Kc1 Qc4+ 48. Kb2 Kg7 49. Qg3+ Kf7 50. Qh2 Qb4+ 51. Kc2 Qa4+ 52. Kb2 Qb5+ 53. Kc1 Qf1+ 54. Kb2 Kg7 55. Qg3+ Kf8 56. Qh2 Qb5+ 57. Kc1 Qc4+ 58. Kb2 Qb4+ 59. Kc2 Qa4+ 60. Kb2 Qb4+ 1/2-1/2

[Event "HUN-chT2 Asztalos 0607"]
[Site "Hungary"]
[Date "2006.12.03"]
[Round "3"]
[White "Ivan, Zoltan"]
[Black "Papagorasz, Takisz"]
[Result "1/2-1/2"]
[WhiteElo "2215"]
[BlackElo "2273"]
[PlyCount "119"]
[EventDate "2006.11.12"]
[EventType "team"]
[EventRounds "11"]
[EventCountry "HUN"]
[SourceTitle "EXT 2008"]
[Source "ChessBase"]
[SourceDate "2007.11.25"]
[SourceVersion "1"]
[SourceVersionDate "2007.11.25"]
[SourceQuality "1"]
[WhiteTeam "Komlo Banyasz"]
[BlackTeam "Varga Mafry"]
[WhiteTeamCountry "HUN"]
[BlackTeamCountry "HUN"]

1. Nf3 Nf6 2. g3 d5 3. Bg2 c5 4. 0-0 Nc6 5. d4 cxd4 6. Nxd4 e6 7. c4 Be7 8. Nc3 0-0 9. Be3 Qa5 10. Nb3 Qa6 11. cxd5 Rd8 12. Nc5 Qc4 13. Qb3 Qxb3 14. Nxb3 exd5 15. Rfd1 Be6 16. Nd4 Rd7 17. Rac1 Ne5 18. Nxe6 fxe6 19. Bd4 Nc6 20. Na4 Nxd4 21. Rxd4 Kf7 22. Rdd1 b6 23. Rc6 Rad8 24. Nc3 Rd6 25. Rc7 R6d7 26. Rc6 Rd6 27. Rxd6 Rxd6 28. Nb5 Rc6 29. Nd4 Rc4 30. Bh3 Bc5 31. Nxe6 Rc2 32. Nf4 Rxb2 33. Be6+ Ke7 34. Bxd5 Nxd5 35. Nxd5+ Kf7 36. Nc3 Rc2 37. Rd3 a5 38. a4 Bb4 39. Nd5 Rxe2 40. Nxb6 Bc5 41. Rf3+ Ke6 42. Nc4 Bb4 43. Kg2 Ra2 44. Rf4 g5 45. Rg4 Kf5 46. Rd4 Be1 47. Rd1 Bc3 48. Rd3 Bb4 49. Rd5+ Kf6 50. Nxa5 Be1 51. Kf1 Bxf2 52. Nc6 Be3 53. a5 Rf2+ 54. Ke1 Rxh2 55. Ne5 Ke6 56. Rb5 Bf2+ 57. Kf1 Bxg3 58. Ng4 Ra2 59. Rxg5 Bc7 60. Rh5 1/2-1/2

[Event "HUN-chT2 Asztalos 0506"]
[Site "Hungary"]
[Date "2006.04.23"]
[Round "11"]
[White "Ivan, Zoltan"]
[Black "Kadar, Gabor"]
[Result "0-1"]
[WhiteElo "2231"]
[BlackElo "2251"]
[PlyCount "76"]
[EventDate "2005.10.16"]
[EventType "team"]
[EventRounds "11"]
[EventCountry "HUN"]
[SourceTitle "EXT 2009"]
[Source "ChessBase"]
[SourceDate "2008.11.26"]
[SourceVersion "1"]
[SourceVersionDate "2008.11.26"]
[SourceQuality "1"]
[WhiteTeam "Komlo Banyasz"]
[BlackTeam "Pannonpower II"]
[WhiteTeamCountry "HUN"]
[BlackTeamCountry "HUN"]

1. d4 d5 2. c4 c6 3. cxd5 cxd5 4. Nf3 Nc6 5. Nc3 Nf6 6. Bf4 e6 7. e3 Bb4 8. Bb5 Qa5 9. 0-0 Bxc3 10. Bxc6+ bxc6 11. bxc3 Ba6 12. Re1 Ne4 13. Ne5 Rc8 14. Qg4 g6 15. Bh6 f5 16. Qh4 Qd8 17. Qh3 Qf6 18. f4 c5 19. Rec1 Ke7 20. g3 Kd6 21. Bg5 Qg7 22. Bh6 Qc7 23. g4 Be2 24. Rc2 Bxg4 25. Nxg4 fxg4 26. Qxg4 Qf7 27. Rb1 Qf5 28. Qxf5 gxf5 29. Rb7 Rhg8+ 30. Kf1 cxd4 31. exd4 Rg6 32. Bg7 Kc6 33. Rcb2 Nd2+ 34. Kf2 Nc4 35. R2b4 Rg8 36. Be5 Rg2+ 37. Kf1 Rg1+ 38. Ke2 R8g2+ 0-1

[Event "HUN-chT2 Asztalos 0506"]
[Site "Hungary"]
[Date "2006.01.22"]
[Round "6"]
[White "Nemeth, Antal"]
[Black "Ivan, Zoltan"]
[Result "1/2-1/2"]
[WhiteElo "2256"]
[BlackElo "2231"]
[PlyCount "97"]
[EventDate "2005.10.16"]
[EventType "team"]
[EventRounds "11"]
[EventCountry "HUN"]
[SourceTitle "EXT 2009"]
[Source "ChessBase"]
[SourceDate "2008.11.26"]
[SourceVersion "1"]
[SourceVersionDate "2008.11.26"]
[SourceQuality "1"]
[WhiteTeam "Bajai"]
[BlackTeam "Komlo Banyasz"]
[WhiteTeamCountry "HUN"]
[BlackTeamCountry "HUN"]

1. Nf3 g6 2. d4 Bg7 3. g3 c5 4. Bg2 cxd4 5. Nxd4 Nc6 6. Nxc6 bxc6 7. 0-0 Nf6 8. c4 0-0 9. Nc3 Qb6 10. b3 Bb7 11. Na4 Qc7 12. Bb2 d6 13. c5 d5 14. f4 Rad8 15. Be5 Qc8 16. Qd2 Ba6 17. Rfe1 Ne4 18. Qb2 f6 19. Bd4 Qf5 20. Rf1 Qg4 21. Rf3 Rfe8 22. h3 Qc8 23. Kh2 e5 24. fxe5 fxe5 25. Be3 d4 26. Bc1 d3 27. exd3 Rxd3 28. Rxd3 Bxd3 29. Be3 h5 30. Rd1 Qa6 31. Qc1 Nf6 32. Bxc6 Qxc6 33. Rxd3 Qf3 34. Qd1 Qb7 35. Rd6 h4 36. gxh4 Qe4 37. Bg5 Qf5 38. Nc3 Qf2+ 39. Kh1 Nh5 40. Ne4 Qf5 41. Qd5+ Kh7 42. Nf6+ Nxf6 43. Rxf6 Bxf6 44. Qf7+ Bg7 45. Qxe8 Qb1+ 46. Kg2 Qc2+ 47. Kf1 Qd3+ 48. Kf2 Qc2+ 49. Kf1 1/2-1/2